000 01248nam a2200325 i 4500
003 EG-GICUC
005 20260125144242.0
008 260124s2008 ua ||||fr|||| 00| 0 ara d
015 _q٢٠٠٢/١٩٨٩٦
017 _a977-328-089-6
040 _a EG-GICUC
_bara
_c EG-GICUC
_d EG-GICUC
_erda
041 0 _aara
082 0 4 _221
_a345.661
_bم ح . و
092 0 4 _221
099 _aLaw1 07 345.661 م ح . و 2008
100 0 _aمحمد باهي أبو يونس
_eمؤلف.
245 1 0 _aوقف تنفيذ الحكم الإداري من محكمة الطعن في المرافعات الإدارية /
_cدكتور محمد باهي أبو يونس.
264 1 _aالإسكندرية :
_bدار الجامعة الجديدة،
_c2008.
300 _a450 صفحة؛
_c24 سم.
336 _2rda content
_atext
337 _2rda media
_aComputer
338 _2rda carrier
_aOnline Resource
504 _aيشتمل على إرجاعات ببليوجرافية.
546 _aالنص باللغة العربية
650 1 4 _aوقف تنفيذ القرارات الإدارية
650 1 4 _aالقانون الإداري
856 4 0 _uhttps://fll.law.cu.edu.eg/fulltext/bks/B07-03302.pdf
905 _a32
942 _2ddc
_cBK
_e21
_n0
999 _c58816
_d58816